| 000 | 00000nam 2200000zi 4500 |
| 001 | 9.946599 |
| 003 | CaOODSP |
| 005 | 20250721151346 |
| 006 | m o d f |
| 007 | cr |n||||||||| |
| 008 | 250107t20252025onca o f000 0 eng d |
| 020 | |a9780660751405 |
| 040 | |aCaOODSP|beng|erda|cCaOODSP |
| 043 | |an-cn--- |
| 086 | 1 |aM4-258/2025E-PDF |
| 245 | 00|aWhat we heard : |bengagement on the national benefits-sharing framework and Indigenous Loan Guarantee Program. |
| 264 | 1|a[Ottawa] : |bNatural Resources Canada = Ressources naturelles Canada, |c[2025] |
| 264 | 4|c©2025 |
| 300 | |a1 online resource (ix, 32 pages) : |billustrations |
| 336 | |atext|btxt|2rdacontent |
| 337 | |acomputer|bc|2rdamedia |
| 338 | |aonline resource|bcr|2rdacarrier |
| 500 | |aIssued also in French under title: Ce que nous avons entendu : mobilisation à l'égard du cadre national sur le partage des avantages et du Programme de garanties de prêts pour les Autochtones. |
| 650 | 5|aFederal aid to Indigenous peoples|zCanada. |
| 650 | 0|aReconciliation|xGovernment policy|zCanada. |
| 650 | 0|aNatural resources|zCanada. |
| 650 | 0|aIndigenous peoples|zCanada|xGovernment relations. |
| 710 | 1 |aCanada. |bNatural Resources Canada, |eissuing body. |
| 775 | 08|tCe que nous avons entendu : |w(CaOODSP)9.946601 |
| 776 | 0#|tWhat we heard : |w(CaOODSP)9.946600 |
| 856 | 40|qPDF|s3.03 MB|uhttps://publications.gc.ca/collections/collection_2025/rncan-nrcan/M4-258-2025-eng.pdf |
| 856 | 4 |qHTML|sN/A|uhttps://natural-resources.canada.ca/natural-resources-indigenous-peoples/what-heard-engagement-national-benefits-sharing-framework-indigenous-loan-guarantee-program |